| 000 | 00351nam a22001457a 4500 | ||
|---|---|---|---|
| 008 | 250729b |||||||| |||| 00| 0 eng d | ||
| 020 | _a031493507x | ||
| 050 |
_aHD 31 _b.S34 |
||
| 100 | _aSCHULER S. RANDALL | ||
| 245 | _aCASE PROBLEMS IN MANAGEMENT | ||
| 250 | _a3rd | ||
| 260 |
_aUNITED STATES _bWEST KELLOGG _c1979 |
||
| 300 | _a337p. | ||
| 942 | _cBK | ||
| 999 |
_c4388 _d4388 |
||